00557cam a22002291 4500001001300000003000400013005001700017008004100034010001700075035002000092040001800112042001200130050002000142100003100162245002000193260001200213300002100225500001500246500001200261700003700273999001700310sa 65004187 DLC20260227112128.0890710s1961 ii 000 0 telo  asa 65004187  a(OCoLC)19987355 aDLCcWaUdDLC apremarc00aPK3791.B3bB3180 aBhāsa,csupposed author.10aBālacaritamu. c[1961?] av, 67 p.c18 cm. aIn Telugu. aA play.1 aKr̥ṣṇamūrti, Sūrigucci. c63599d63599